Retos en materia de igualdad de gňero en el siglo XXI

Bibliographic Details
Main Author: Selma Penalva, Alejandra
Format: eBook
Language:Spanish
Published: Madrid: Dykinson, 2019
Subjects:
Online Access:Acceso restringido

MARC

LEADER 00000nam a22000007a 4500
005 20190614124347.0
007 cr|||| ||||
008 190614s2019 es |||||s|||| 00||0 spa d
020 |a 978-84-1324-096-1 
035 |a 23797 
040 |a vLex 
090 |c 8900  |d 8900 
100 1 |a Selma Penalva, Alejandra 
245 1 0 |a Retos en materia de igualdad de gňero en el siglo XXI  |h [Recurso electrn̤ico] /  |c Alejandra Selma Penalva 
256 |a Servicio en ln̕ea 
260 |a Madrid:  |b Dykinson,  |c 2019 
300 |a 1 recurso electrn̤ico 
506 1 |a Disponible solo en los productos indicados  |d vLex Global  |d vLex Global (Academic Edition, excluding Law Schools)  |d vLex Global (U.S. Academic Edition, Law Schools)  |d vLex Global (U.S. Academic Edition, excluding Law Schools)  |d vLex Global (Academic Edition, Law Schools) 
650 0 4 |a Derecho Penal  |z Espaą 
650 0 4 |a Derecho Internacional  |z Espaą 
740 0 |a vLex Libros (Servicio en ln̕ea) 
856 4 0 |u http://vlex.com/source/retos-materia-igualdad-genero-siglo-xxi-23797  |z Acceso restringido 
942 |c BOOK 
999 0 |a Derecho Penal 
999 0 |a Derecho Internacional